| 000 | 00622cam a2200229 a 4500 | ||
|---|---|---|---|
| 001 | 1041810 | ||
| 005 | 20231117000905.0 | ||
| 008 | 921223s1988 enka b 000 0 eng d | ||
| 020 | _a0860919447 (pbk.) | ||
| 020 | _a0860912302 | ||
| 040 |
_aPPiU _cPPiU _dNcGU _dOCoLC _dDLC |
||
| 082 | 0 | 4 |
_a305.42/01 _222 |
| 245 | 0 | 0 |
_aGrafts : _bfeminist cultural criticism / _cedited by Susan Sheridan. |
| 250 | _a1st | ||
| 260 |
_aLondon ; _aNew York : _bVerso, _c1988. |
||
| 300 | _avii, 228 p. : | ||
| 650 | 0 | _aFeminist theory. | |
| 650 | 0 | _aFeminist criticism. | |
| 650 | 0 | _aCulture. | |
| 700 | 1 |
_aSheridan, Susan. _eedt |
|
| 942 | _cL | ||
| 999 |
_c21 _d21 |
||